01762cam a22004454i 4500003000900000005001700009008004100026020001500067035002700082040003300109049000900142082002000151100003000171245004900201264005200250300006600302336002100368337002500389338002300414505021200437526001000649526001000659526001000669526001000679526000800689526000800697526000800705526000800713526000800721526000800729526000800737650002800745942001400773949013000787994001400917596000600931999015500937980005501092952016901147PE-LiUPU20250731173127.0150623s r 000 0 d a0937958174 a(Sirsi) i9780937958179 aPE-LiUPUbspacPE-LiUPUerda aPRUA04a220.52bB942211 aBurton, Barry D.,eautor.10aLet's weigh the evidence /cBarry D. Burton. 1aChino, California :bChick Publications,c1983. a95 páginas :bilustraciones, gráficos ;c19 centímetros atext2rdacontent aunmediated2rdamedia avolume2rdacarrier0 aFaith. Doubt and confusion. Doctrines (Differences). The living Bible compared. Omissions. Where did our King James Bible come from?. Logic. Copyrigts. Danger. It takes guts to stand. If you area a preacher. aSEG42 aSEG41 aSEG40 aSEG39 aP94 aP87 aP86 aP85 aP77 aP76 aP3504aVersiones de la Biblia. 2ddccBOOK a220.52 B94wDEWEYc1i51300lCCODEBUL1mBULp10.00r0sYtBOOKu2015-6-24xTEOLOGIAPP350COMPRAo.STAFF. Colección General aC0bPEPRU a1 a220.52 B94wDEWEYc33013i51300f2021-11-9g5lCCODEBUL1mBULp10.00r0sYtBOOKu2015-6-24xTEOLOGIAPP350COMPRAo.STAFF. Colección Generald33013 81gALBERTO SANCHEZ Responsable de Automatización r2025-12-02 00:00:00i6l0o220.52 B94p51300te1v15.00w2015-06-24xFTyBKzinventario-2023-12-13102ddc50708GENfP35aBULbBULcGENd2015-06-24eCOMPRAg10.00